| Tag |
First Indicator |
Second Indicator |
Subfields |
| LEADER |
00000cas a2200000 a 4500 |
| 001 |
in00000073796 |
| 005 |
20151008054715.0 |
| 008 |
750318c19749999nyuuu1 0uuua0engm |
| 010 |
|
|
|a 74648003
|
| 012 |
|
|
|a 2
|b 1
|c -
|d 7
|e n
|f -
|g p
|h -
|i ----
|
| 022 |
|
|
|a 0094-7032
|
| 030 |
|
|
|a AIPDD9
|
| 035 |
|
|
|a (OCoLC)01796249
|
| 035 |
|
|
|9 AAJ1446AM
|
| 037 |
|
|
|b 111 Fifth Avenue, 10003
|
| 040 |
|
|
|a DLC
|c DLC
|d NSD
|d OCL
|d TXA
|d UtOrBLW
|
| 042 |
|
|
|a lc
|a nsdp
|
| 049 |
|
|
|a TXAE
|
| 050 |
0 |
0 |
|a TK8315
|b .A38
|
| 082 |
0 |
|
|a 621.38/0414
|
| 222 |
|
0 |
|a Advances in image pickup and display
|
| 245 |
0 |
0 |
|a Advances in image pickup and display.
|
| 264 |
|
1 |
|a New York :
|b Academic Press,
|c [1974-]
|
| 300 |
|
|
|a volumes :
|b illustrations ;
|c 23 cm.
|
| 336 |
|
|
|a text
|b txt
|2 rdacontent
|
| 337 |
|
|
|a unmediated
|b n
|2 rdamedia
|
| 338 |
|
|
|a volume
|b nc
|2 rdacarrier
|
| 362 |
0 |
|
|a Vol. 1 (1974)-
|
| 650 |
|
0 |
|a Imaging systems.
|
| 999 |
|
|
|a MARS
|
| 999 |
f |
f |
|s 73c21bad-6545-3a0b-8e99-057a25856c68
|i 3b396a27-6230-3c02-9b84-20a858e4eb34
|t 0
|
| 952 |
f |
f |
|p ric
|a Texas A&M University
|b Rellis Campus
|c Joint Library Facility
|d Remote Storage
|t 0
|e TK8315 .A38
|h Library of Congress classification
|i unmediated -- volume
|k v.6
|l 1983
|m A14807544913
|
| 952 |
f |
f |
|p ric
|a Texas A&M University
|b Rellis Campus
|c Joint Library Facility
|d Remote Storage
|t 0
|e TK8315 .A38
|h Library of Congress classification
|i unmediated -- volume
|k v.3
|l 1977
|m A14816941279
|
| 952 |
f |
f |
|p ric
|a Texas A&M University
|b Rellis Campus
|c Joint Library Facility
|d Remote Storage
|t 0
|e TK8315 .A38
|h Library of Congress classification
|i unmediated -- volume
|k v.5
|l 1982
|m A14807545341
|
| 998 |
f |
f |
|a TK8315 .A38
|s v.3 (1977),v.5 (1982)-v.6 (1983)
|t 0
|l Remote Storage
|